<?xml version="1.0" encoding="UTF-8"?>
<record
    xmlns:xsi="http://www.w3.org/2001/XMLSchema-instance"
    xsi:schemaLocation="http://www.loc.gov/MARC21/slim http://www.loc.gov/standards/marcxml/schema/MARC21slim.xsd"
    xmlns="http://www.loc.gov/MARC21/slim">

  <leader>01810nam0a22003611  4500</leader>
  <controlfield tag="001">rc\459308</controlfield>
  <controlfield tag="005">20250621093019.0</controlfield>
  <datafield tag="010" ind1=" " ind2=" ">
    <subfield code="a">5-270-00254-&#x425;</subfield>
    <subfield code="9">50000</subfield>
  </datafield>
  <datafield tag="035" ind1=" " ind2=" ">
    <subfield code="a">(NLR Aleph) 005703850</subfield>
  </datafield>
  <datafield tag="090" ind1=" " ind2=" ">
    <subfield code="a">7306020</subfield>
    <subfield code="c">7306020</subfield>
  </datafield>
  <datafield tag="100" ind1=" " ind2=" ">
    <subfield code="a">20030616d1988    |||y0rusy50      ca</subfield>
  </datafield>
  <datafield tag="101" ind1="0" ind2=" ">
    <subfield code="a">rus</subfield>
  </datafield>
  <datafield tag="102" ind1=" " ind2=" ">
    <subfield code="a">RU</subfield>
  </datafield>
  <datafield tag="105" ind1=" " ind2=" ">
    <subfield code="a">a   |||||||||</subfield>
  </datafield>
  <datafield tag="200" ind1="1" ind2=" ">
    <subfield code="a">&#x41F;&#x435;&#x440;&#x435;&#x43A;&#x430;&#x442;&#x44B;</subfield>
    <subfield code="e">&#x41F;&#x43E;&#x432;&#x435;&#x441;&#x442;&#x438; &#x438; &#x440;&#x430;&#x441;&#x441;&#x43A;&#x430;&#x437;&#x44B;</subfield>
    <subfield code="f">&#x414;&#x435;&#x43D;&#x438;&#x441; &#x411;&#x443;&#x43B;&#x44F;&#x43A;&#x43E;&#x432;</subfield>
    <subfield code="g">&#x41F;&#x435;&#x440;&#x435;&#x432;&#x43E;&#x434; &#x441; &#x431;&#x430;&#x448;&#x43A;. &#x42F;. &#x41C;&#x443;&#x441;&#x442;&#x430;&#x444;&#x438;&#x43D;&#x430;</subfield>
    <subfield code="g">[&#x425;&#x443;&#x434;&#x43E;&#x436;. &#x421;. &#x410;&#x441;&#x442;&#x440;&#x430;&#x445;&#x430;&#x43D;&#x446;&#x435;&#x432;]</subfield>
  </datafield>
  <datafield tag="210" ind1=" " ind2=" ">
    <subfield code="a">&#x41C;.</subfield>
    <subfield code="c">&#x421;&#x43E;&#x432;&#x440;&#x435;&#x43C;&#x435;&#x43D;&#x43D;&#x438;&#x43A;</subfield>
    <subfield code="d">1988</subfield>
  </datafield>
  <datafield tag="215" ind1=" " ind2=" ">
    <subfield code="a">284, [2] &#x441;.</subfield>
    <subfield code="c">&#x438;&#x43B;.</subfield>
    <subfield code="d">21</subfield>
  </datafield>
  <datafield tag="225" ind1="1" ind2=" ">
    <subfield code="a">&#x41D;&#x43E;&#x432;&#x438;&#x43D;&#x43A;&#x438; "&#x421;&#x43E;&#x432;&#x440;&#x435;&#x43C;&#x435;&#x43D;&#x43D;&#x438;&#x43A;&#x430;"</subfield>
  </datafield>
  <datafield tag="327" ind1="1" ind2=" ">
    <subfield code="a">&#x421;&#x43E;&#x434;&#x435;&#x440;&#x436;.: &#x41F;&#x43E;&#x432;&#x435;&#x441;&#x442;&#x438;: &#x41F;&#x435;&#x440;&#x435;&#x43A;&#x430;&#x442;&#x44B;; &#x412; &#x447;&#x430;&#x441; &#x437;&#x430;&#x43A;&#x430;&#x442;&#x430;; &#x420;&#x430;&#x441;&#x441;&#x43A;&#x430;&#x437;&#x44B;: &#x41F;&#x440;&#x43E;&#x441;&#x435;&#x43B;&#x43E;&#x43A;; &#x41E;&#x440;&#x434;&#x435;&#x43D;; &#x41F;&#x430;&#x440;&#x435;&#x43D;&#x44C; &#x432; &#x431;&#x435;&#x43B;&#x43E;&#x439; &#x43A;&#x435;&#x43F;&#x43A;&#x435;; &#x427;&#x435;&#x43B;&#x43E;&#x432;&#x435;&#x43A; &#x436;&#x438;&#x432; &#x43D;&#x430;&#x434;&#x435;&#x436;&#x434;&#x43E;&#x439;; &#x421;&#x447;&#x430;&#x441;&#x442;&#x44C;&#x435; &#x43F;&#x440;&#x438;&#x445;&#x43E;&#x434;&#x438;&#x442; &#x43F;&#x435;&#x448;&#x43A;&#x43E;&#x43C;; &#x421;&#x430;&#x43C;&#x44B;&#x439; &#x43A;&#x440;&#x430;&#x441;&#x438;&#x432;&#x44B;&#x439; &#x434;&#x435;&#x43D;&#x44C;</subfield>
  </datafield>
  <datafield tag="464" ind1=" " ind2="0">
    <subfield code="1">2001#$a&#x41F;&#x435;&#x440;&#x435;&#x43A;&#x430;&#x442;&#x44B;</subfield>
    <subfield code="t">&#x41F;&#x435;&#x440;&#x435;&#x43A;&#x430;&#x442;&#x44B;</subfield>
  </datafield>
  <datafield tag="464" ind1=" " ind2="0">
    <subfield code="1">2001#$a&#x412; &#x447;&#x430;&#x441; &#x437;&#x430;&#x43A;&#x430;&#x442;&#x430;</subfield>
    <subfield code="t">&#x412; &#x447;&#x430;&#x441; &#x437;&#x430;&#x43A;&#x430;&#x442;&#x430;</subfield>
  </datafield>
  <datafield tag="464" ind1=" " ind2="0">
    <subfield code="1">2001#$a&#x41F;&#x440;&#x43E;&#x441;&#x435;&#x43B;&#x43E;&#x43A;</subfield>
    <subfield code="t">&#x41F;&#x440;&#x43E;&#x441;&#x435;&#x43B;&#x43E;&#x43A;</subfield>
  </datafield>
  <datafield tag="464" ind1=" " ind2="0">
    <subfield code="1">2001#$a&#x41E;&#x440;&#x434;&#x435;&#x43D;</subfield>
    <subfield code="t">&#x41E;&#x440;&#x434;&#x435;&#x43D;</subfield>
  </datafield>
  <datafield tag="464" ind1=" " ind2="0">
    <subfield code="1">2001#$a&#x41F;&#x430;&#x440;&#x435;&#x43D;&#x44C; &#x432; &#x431;&#x435;&#x43B;&#x43E;&#x439; &#x43A;&#x435;&#x43F;&#x43A;&#x435;</subfield>
    <subfield code="t">&#x41F;&#x430;&#x440;&#x435;&#x43D;&#x44C; &#x432; &#x431;&#x435;&#x43B;&#x43E;&#x439; &#x43A;&#x435;&#x43F;&#x43A;&#x435;</subfield>
  </datafield>
  <datafield tag="464" ind1=" " ind2="0">
    <subfield code="1">2001#$a&#x427;&#x435;&#x43B;&#x43E;&#x432;&#x435;&#x43A; &#x436;&#x438;&#x432; &#x43D;&#x430;&#x434;&#x435;&#x436;&#x434;&#x43E;&#x439;</subfield>
    <subfield code="t">&#x427;&#x435;&#x43B;&#x43E;&#x432;&#x435;&#x43A; &#x436;&#x438;&#x432; &#x43D;&#x430;&#x434;&#x435;&#x436;&#x434;&#x43E;&#x439;</subfield>
  </datafield>
  <datafield tag="464" ind1=" " ind2="0">
    <subfield code="1">2001#$a&#x421;&#x447;&#x430;&#x441;&#x442;&#x44C;&#x435; &#x43F;&#x440;&#x438;&#x445;&#x43E;&#x434;&#x438;&#x442; &#x43F;&#x435;&#x448;&#x43A;&#x43E;&#x43C;</subfield>
    <subfield code="t">&#x421;&#x447;&#x430;&#x441;&#x442;&#x44C;&#x435; &#x43F;&#x440;&#x438;&#x445;&#x43E;&#x434;&#x438;&#x442; &#x43F;&#x435;&#x448;&#x43A;&#x43E;&#x43C;</subfield>
  </datafield>
  <datafield tag="464" ind1=" " ind2="0">
    <subfield code="1">2001#$a&#x421;&#x430;&#x43C;&#x44B;&#x439; &#x43A;&#x440;&#x430;&#x441;&#x438;&#x432;&#x44B;&#x439; &#x434;&#x435;&#x43D;&#x44C;</subfield>
    <subfield code="t">&#x421;&#x430;&#x43C;&#x44B;&#x439; &#x43A;&#x440;&#x430;&#x441;&#x438;&#x432;&#x44B;&#x439; &#x434;&#x435;&#x43D;&#x44C;</subfield>
  </datafield>
  <datafield tag="700" ind1=" " ind2="1">
    <subfield code="a">&#x411;&#x443;&#x43B;&#x44F;&#x43A;&#x43E;&#x432;</subfield>
    <subfield code="b">&#x414;.&#x41C;.</subfield>
    <subfield code="f">1944-</subfield>
    <subfield code="g">&#x414;&#x435;&#x43D;&#x438;&#x441; &#x41C;&#x443;&#x434;&#x430;&#x440;&#x438;&#x441;&#x43E;&#x432;&#x438;&#x447;</subfield>
  </datafield>
  <datafield tag="801" ind1=" " ind2="0">
    <subfield code="a">RU</subfield>
    <subfield code="b">NLR</subfield>
    <subfield code="g">psbo</subfield>
  </datafield>
  <datafield tag="801" ind1=" " ind2="1">
    <subfield code="a">RU</subfield>
    <subfield code="b">ELAR</subfield>
    <subfield code="2">rusmarc</subfield>
  </datafield>
  <datafield tag="852" ind1=" " ind2=" ">
    <subfield code="a">NLR</subfield>
    <subfield code="j">88-3/6590</subfield>
  </datafield>
  <datafield tag="942" ind1=" " ind2=" ">
    <subfield code="c">BOOK</subfield>
  </datafield>
  <datafield tag="980" ind1=" " ind2=" ">
    <subfield code="a">NB</subfield>
  </datafield>
  <datafield tag="995" ind1=" " ind2=" ">
    <subfield code="5">2013-10-26</subfield>
    <subfield code="b">NLR01</subfield>
    <subfield code="c">NLR01</subfield>
    <subfield code="e">RF9</subfield>
    <subfield code="f">5703850-10</subfield>
    <subfield code="k">88-3/6590</subfield>
    <subfield code="o">0</subfield>
    <subfield code="r">BOOK</subfield>
    <subfield code="s">8836590_</subfield>
  </datafield>
</record>
